| 000 | 00347nam a2200133Ia 4500 | ||
|---|---|---|---|
| 008 | 220217s9999||||xx |||||||||||||| ||und|| | ||
| 020 | _a91-280-0299-6 | ||
| 082 | _a005.133 NIR | ||
| 100 | _aNiranjan, A | ||
| 245 | 0 | _aC and datastructures | |
| 260 |
_aSapna book house _bBangalore _c2006 |
||
| 300 | _b125 | ||
| 650 | _aPROGRAMMING LANGUAGE | ||
| 999 |
_c180113 _d180113 |
||